Szkody górnicze w budownictwie /

Na minha lista:
Detalhes bibliográficos
Autor principal: Kawulok, Marian (Author)
Formato: Livro
Idioma:polonês
Publicado em: Warszawa : Instytut Techniki Budowlanej, 2015
Edição:2. zmen. a rozš. vyd.
Tags: Adicionar Tag
Sem tags, seja o primeiro a adicionar uma tag!

MARC

LEADER 00000nam a22000003a 4500
001 0007576
003 SK-STU
005 20151002102019.5
007 ta
008 151002s ----xo-----e------000-0-----d
020 |a 978-83-249-6759-9 
040 |a STU  |b slo 
041 0 |a pol 
044 |a pl 
100 1 |a Kawulok, Marian  |r Z6  |4 aut 
245 1 0 |a Szkody górnicze w budownictwie /  |c aut. Marian Kawulok 
246 3 1 |a Mining damages in building 
250 |a 2. zmen. a rozš. vyd. 
260 |a Warszawa :  |b Instytut Techniki Budowlanej,  |c 2015 
300 |a 340 s. 
996 |b 284V036866  |c V* 52212/O-23377  |l VVT  |s A  |a 24  |w 0007576_0001